Recopilación de reglamentos con índices por ministerios, temático y de notas. Se incluyen, además todos los decretos supremos que, sin ser reglamentarios, tienen interés general y permanente
Uloženo v:
| Korporativní autor: | |
|---|---|
| Médium: | Kniha |
| Jazyk: | španělština |
| Vydáno: |
Santiago
Contraloría General de la República
1985
|
| Témata: | |
| Tagy: |
Přidat tag
Žádné tagy, Buďte první, kdo vytvoří štítek k tomuto záznamu!
|
MARC
| LEADER | 00000nam a2200000 a 4500 | ||
|---|---|---|---|
| 001 | UCR0772 | ||
| 003 | CL-VaPUC | ||
| 008 | 971205e19850000CL |||||||||||||||||spa|d | ||
| 082 | 0 | 4 | |a 348.025 |b CON |2 21 |
| 110 | 2 | |a Contraloría General de la República |e author |9 397104 | |
| 245 | 1 | 0 | |a Recopilación de reglamentos con índices por ministerios, temático y de notas. Se incluyen, además todos los decretos supremos que, sin ser reglamentarios, tienen interés general y permanente |
| 300 | |a t | ||
| 942 | |c BK | ||
| 945 | |d 19971205 00:00:00 |a lriquelm | ||
| 260 | |a Santiago |b Contraloría General de la República |c 1985 | ||
| 500 | |a Comprende el período que media entre los meses de enero a junio de 1985 | ||
| 500 | |a Donación profesor Fernando Recio Olguín | ||
| 650 | 7 | |a LEGISLACION |2 CL-VaPUC |9 397105 | |
| 650 | 7 | |a FUENTES |2 CL-VaPUC |9 255666 | |
| 650 | 7 | |a DERECHO CHILENO |2 CL-VaPUC |9 397106 | |
| 650 | 7 | |a DECRETOS SUPREMOS |2 CL-VaPUC |9 396008 | |
| 650 | 7 | |a REGLAMENTOS |2 CL-VaPUC |9 259254 | |
| 651 | 7 | |a CHILE |2 CL-VaPUC |9 397107 | |
| 583 | |a last modification |c 20140410 10:50:06 |k Rodrigo Vera | ||
| 999 | |c 264270 |d 264268 | ||
| 952 | |0 0 |1 0 |4 0 |6 348_025000000000000_CON_1985 |7 0 |8 F |9 294304 |a BIBDER |b BIBDER |d 2019-11-19 |h t.47 |i 1912348 |o 348.025 CON 1985 |p 1912348 |r 2023-01-25 |w 2019-11-19 |y BK_F |k DER | ||
| 952 | |0 0 |1 0 |4 0 |6 348_025000000000000_CON_1985 |7 0 |8 X |9 294305 |a BIBHIS |b BIBHIS |d 2019-11-19 |h t.47 |i 2128063 |o 348.025 CON 1985 |p 2128063 |r 2024-01-30 |w 2019-11-19 |y BK_X |k HIS | ||